00801cam a22002291 450000100060000000300080000600500170001400800410003103500190007204000320009104100080012308200240013110000390015524501440019425000120033826000530035030000350040349000320043850400290047065000300049970000420052915881BD-RjUL20211208235913.0140211m19581950nyua b 001 0 eng d a(BD-RjUL)15936 aDLCcDLCdDLCdBD-RjULbeng aeng00a660.28425bROE 19581 aRobinson, Clark Shove,d1888-1947.00aElements of fractional distillation /c Clark Shove Robinson and Edwin Richard Gilliland. Revised and rewritten by Edwin Richard Gilliland. a4th ed. aNew York ;aLondon :bMcGraw-Hill,cc1950, 1958. aix, 492 p. :billus. ;c23 cm.0 aChemical engineering series aIncludes bibliographies. 0aDistillation, Fractional.1 aGilliland, Edwin Richard,d1909-1973,